Joueurs du LOSC avec plus de 200 matchs - Statistiques

Statistiques générales
  • Ce quiz a été pris 137 fois
  • Le résultat moyen est 3 sur 29
Answers on the Grid
Answers color-coded by a green-red scale on the quiz's grid according to % correct below.
Adil Rami
Rio Mavuba
Andre Strappe
Patrick Collot
Pascal Cygan
Eden Hazard
Stéphane Dumont
Jonathan Bamba
Marko Basa
Jose Fonte
Alain Grumelon
Ludovic Obraniak
Philippe Bergeroo
Jean Luc Buisine
Aurelien Chedjou
Jean Makoun
Matthieu Chalme
Pierre Dreossi
Guillaume Bieganski
Christophe Landrin
Idrissa Gueye
Tony Sylva
Vincent Enyeama
Stephane Plancque
Gerard Bourbotte
Gregory Wimbée
Nicolas Plestan
Jakob Friis Hansen
Jonathan David
Eric Péan
Jean Claude Nadon
Landreau
Dominique Thomas
Fabien Leclerq
Benjamin Andre
Tuilo de melo
Yohan Cabaye
Yusuf Yazici
Marceau Somerlinck
Salomon Kalou
Florent Balmont
Simon Kjaer
Franck Beria
Yvon Douis
Djezon Boutoille
Angel Gomes
Gregory Tafforeau
Lucas Chevalier
Philippe Perilleux
Mathieu Debuchy
 
Statistiques - réponses
Réponse % Correct
Rio Mavuba
92%
Jonathan Bamba
28%
Mathieu Debuchy
21%
Florent Balmont
20%
Jonathan David
18%
Yohan Cabaye
15%
Benjamin Andre
13%
Franck Beria
13%
Ludovic Obraniak
13%
Pascal Cygan
11%
Andre Strappe
10%
Gregory Tafforeau
7%
Aurelien Chedjou
3%
Jean Claude Nadon
3%
Jean Makoun
3%
Alain Grumelon
2%
Christophe Landrin
2%
Djezon Boutoille
2%
Dominique Thomas
2%
Eric Péan
2%
Fabien Leclerq
2%
Gregory Wimbée
2%
Guillaume Bieganski
2%
Jakob Friis Hansen
2%
Marceau Somerlinck
2%
Philippe Bergeroo
2%
Philippe Perilleux
2%
Stephane Plancque
2%
Pierre Dreossi
0%
Aucun quiz correspondant
Distribution des résultats
% des personnes avec chaque résultat
Percentile par nombre de réponses
Votre historique - résultats
Vous n’avez pas pris ce quiz